Argentinian players in Premier League (2000-) - Statistics

General Stats
  • This quiz has been taken 128 times
  • The average score is 35 of 84
Answer Stats
Ranking Player Positions Nationality Matches Goals (assists) Periods Clubs % Correct
2 Sergio Agüero FW 275 184 (48) 2011-2021
100%
6 Emiliano Martínez GK 196 0 (0) 2014-2015, 2016-2017, 2019-2025
98%
32 Lisandro Martínez DF, MF 58 3 (2) 2022-2025
98%
4 Carlos Tevez MF, FW 202 84 (36) 2006-2013
95%
1 Pablo Zabaleta DF, MF 303 9 (21) 2008-2020
92%
23 Enzo Fernández MF 82 9 (11) 2022-2025
91%
9 Alexis Mac Allister MF, FW 166 26 (15) 2019-2025
90%
17 Cristian Romero DF 100 7 (1) 2021-2025
89%
74 Sergio Romero GK 7 0 (0) 2015-2018
89%
5 Federico Fernández DF 199 4 (7) 2014-2022
87%
20 Alejandro Garnacho MF, FW 93 16 (8) 2021-2025
84%
8 Érik Lamela MF, FW 177 17 (25) 2013-2021
84%
13 Nicolás Otamendi DF 136 8 (0) 2015-2020
83%
29 Julián Álvarez MF, FW 67 20 (8) 2022-2024
78%
67 Ricky Álvarez MF 13 0 (0) 2014-2015
77%
18 Javier Mascherano DF, MF 99 1 (3) 2006-2011
76%
36 Hernán Crespo FW 49 20 (1) 2003-2004, 2005-2006
75%
52 Guido Rodríguez MF 23 0 (1) 2024-2025
74%
31 Juan Sebastián Verón MF 58 9 (4) 2001-2004
74%
27 Marcos Rojo DF 76 1 (1) 2014-2020
74%
33 Maxi Rodríguez MF, FW 57 15 (4) 2009-2012
74%
42 Willy Caballero GK 36 0 (0) 2014-2022
74%
48 Ángel Di María MF, FW 27 3 (10) 2014-2015
73%
15 Emi Buendía MF, FW 121 10 (15) 2019-2020, 2021-2022, 2024-2025
70%
7 Manuel Lanzini MF, FW 179 27 (17) 2015-2023
68%
26 Giovani Lo Celso MF, FW 77 3 (5) 2019-2021, 2023-2024
67%
25 Martín Demichelis DF, MF 78 3 (1) 2013-2016
66%
3 Fabricio Coloccini DF, MF 211 4 (1) 2008-2009, 2010-2016
61%
24 Marcos Senesi DF 79 6 (5) 2022-2025
59%
35 Gabriel Heinze DF 52 1 (1) 2004-2007
58%
28 Facundo Buonanotte MF, FW 71 9 (4) 2022-2025
56%
62 Gonzalo Higuaín MF, FW 14 5 (0) 2018-2019
54%
19 Leonardo Ulloa FW 96 19 (4) 2014-2018
54%
46 Esteban Cambiasso MF 31 5 (1) 2014-2015
52%
30 Nicolás Domínguez MF, FW 60 2 (3) 2023-2025
48%
39 Paulo Gazzaniga GK 43 0 (0) 2012-2015, 2017-2020
45%
11 Jonás Gutiérrez MF 154 7 (11) 2008-2009, 2010-2015
44%
16 Roberto Pereyra DF, MF, FW 106 16 (5) 2016-2020
44%
43 Carlos Alcaraz MF, FW 34 6 (5) 2022-2023, 2024-2025
40%
57 Federico Fazio DF 20 0 (0) 2014-2015
38%
21 Julián Speroni GK 93 0 (0) 2004-2005, 2013-2015, 2017-2019
38%
60 Juan Foyth DF, MF 16 1 (0) 2018-2020
37%
14 Franco Di Santo MF, FW 122 14 (7) 2008-2013
35%
34 Ramiro Funes Mori DF, MF 55 4 (2) 2015-2018
35%
70 Alejo Véliz FW 8 1 (0) 2023-2024
33%
81 Claudio Echeverri FW 1 0 (0) 2024-2025
33%
63 Gonzalo Montiel DF 14 0 (2) 2023-2024
32%
37 Emiliano Insúa DF 46 0 (4) 2006-2010
31%
84 Máximo Perrone MF 1 0 (0) 2022-2023
29%
38 Mauro Zárate MF, FW 43 9 (2) 2007-2008, 2014-2017
27%
10 Claudio Yacob MF 160 1 (1) 2012-2018
26%
76 Valentín Barco DF, MF, FW 6 0 (0) 2023-2024
22%
77 Julio Soler DF, FW 3 0 (0) 2024-2025
17%
56 Luciano Vietto MF, FW 20 1 (4) 2018-2019
16%
69 Nelson Vivas DF 12 0 (1) 2000-2001
16%
65 Lionel Scaloni DF, MF 13 0 (0) 2005-2006
15%
68 Mauricio Pellegrino DF 12 0 (0) 2004-2005
14%
40 Santiago Vergini DF 42 0 (0) 2013-2015
14%
45 Alejandro Faurlín MF 33 1 (2) 2011-2012, 2014-2015
13%
12 Julio Arca DF, MF 149 8 (17) 2000-2002, 2005-2009
12%
22 Mauricio Taricco DF 88 2 (2) 2000-2004
10%
44 Mauro Formica MF 34 4 (1) 2011-2012
10%
64 Andrés D'Alessandro MF, FW 13 1 (2) 2005-2006
9%
72 Guido Carrillo FW 7 0 (1) 2017-2018
9%
75 Ignacio Scocco MF, FW 6 0 (0) 2013-2014
9%
59 Jonathan Calleri FW 16 1 (0) 2016-2017
9%
55 Denis Stracqualursi FW 20 1 (1) 2011-2012
8%
80 Martín Herrera GK 2 0 (0) 2002-2003
8%
58 Emanuel Villa FW 16 3 (0) 2007-2008
6%
47 Horacio Carbonari DF 30 1 (0) 2000-2002
6%
73 Ignacio Pussetto MF, FW 7 0 (0) 2019-2020
6%
61 Mauro Boselli FW 15 0 (0) 2010-2011, 2012-2013
6%
41 Carlos Marinelli MF 40 3 (3) 2000-2004
5%
49 Facundo Sava FW 26 6 (1) 2002-2004
5%
66 Luciano Becchio FW 13 0 (1) 2012-2014
5%
83 Luciano Figueroa FW 1 0 (0) 2003-2004
5%
78 Sebastián Blanco MF, FW 3 0 (0) 2014-2015
5%
51 Christian Bassedas DF, MF 24 1 (0) 2000-2002
4%
54 Daniel Cordone FW 21 2 (1) 2000-2001
4%
82 Federico Bessone DF 1 0 (0) 2011-2012
4%
71 Juan Carlos Menseguez MF, FW 7 1 (0) 2008-2009
4%
50 Luciano Zavagno DF 26 0 (1) 2001-2002
4%
79 Marcos Angeleri DF 2 0 (0) 2010-2011
4%
53 Sixto Peralta MF 22 3 (2) 2001-2002
4%
No matching quizzes found
Score Distribution
Percent of People with Each Score
Percentile by Number Answered
Your Score History
You have not taken this quiz